Random NBA Player to Team 2020-21 - Statistics

General Stats
  • This quiz has been taken 578 times
  • The average score is 11 of 20
Answer Stats
Player Team % Correct
Trae Young Atlanta Hawks
100%
Marcus Smart Boston Celtics
100%
Kemba Walker Boston Celtics
100%
Spencer Dinwiddie Brooklyn Nets
100%
Kevin Durant Brooklyn Nets
100%
Coby White Chicago Bulls
100%
Dorian Finney-Smith Dallas Mavericks
100%
Boban Marjanović Dallas Mavericks
100%
Aaron Gordon Denver Nuggets
100%
Draymond Green Golden State Warriors
100%
Kevon Looney Golden State Warriors
100%
Jordan Poole Golden State Warriors
100%
Eric Gordon Houston Rockets
100%
Kyle Kuzma Los Angeles Lakers
100%
Dennis Schröder Los Angeles Lakers
100%
Dillon Brooks Memphis Grizzlies
100%
Ja Morant Memphis Grizzlies
100%
Bam Adebayo Miami Heat
100%
Jimmy Butler Miami Heat
100%
Jrue Holiday Milwaukee Bucks
100%
Brook Lopez Milwaukee Bucks
100%
Khris Middleton Milwaukee Bucks
100%
Bobby Portis Milwaukee Bucks
100%
Naz Reid Minnesota Timberwolves
100%
Karl-Anthony Towns Minnesota Timberwolves
100%
Jaxson Hayes New Orleans Pelicans
100%
Brandon Ingram New Orleans Pelicans
100%
RJ Barrett New York Knicks
100%
Luguentz Dort Oklahoma City Thunder
100%
Shai Gilgeous-Alexander Oklahoma City Thunder
100%
Markelle Fultz Orlando Magic
100%
Tyrese Maxey Philadelphia 76ers
100%
Cameron Johnson Phoenix Suns
100%
Damian Lillard Portland Trail Blazers
100%
Harrison Barnes Sacramento Kings
100%
Tyrese Haliburton Sacramento Kings
100%
Buddy Hield Sacramento Kings
100%
OG Anunoby Toronto Raptors
100%
Kyle Lowry Toronto Raptors
100%
Nicolas Claxton Brooklyn Nets
92%
LaMelo Ball Charlotte Hornets
92%
Nikola Vučević Chicago Bulls
92%
Andrew Wiggins Golden State Warriors
92%
Paul George Los Angeles Clippers
92%
Rui Hachimura Washington Wizards
92%
Lauri Markkanen Chicago Bulls
91%
Klay Thompson Golden State Warriors
91%
Alex Caruso Los Angeles Lakers
91%
Mo Bamba Orlando Magic
91%
Isaac Okoro Cleveland Cavaliers
90%
Jonatha Isaac Orlando Magic
90%
Rudy Gobert Utah Jazz
90%
Bradley Beal Washington Wizards
90%
Russell Westbrook Washington Wizards
90%
Kyrie Irving Brooklyn Nets
89%
Cody Martin Charlotte Hornets
89%
Saddiq Bey Detroit Pistons
89%
Jusuf Nurkić Portland Trail Blazers
89%
Anfernee Simons Portland Trail Blazers
89%
Grant Williams Boston Celtics
88%
Joe Harris Brooklyn Nets
88%
Jalen Brunson Dallas Mavericks
88%
Gary Payton II Golden State Warriors
88%
T.J. McConnell Indiana Pacers
88%
Jaren Jackson Jr. Memphis Grizzlies
88%
Giannis Antetokounmpo Milwaukee Bucks
88%
D'Angelo Russell Minnesota Timberwolves
88%
Zion Williamson New Orleans Pelicans
88%
De'Aaron Fox Sacramento Kings
88%
James Harden Brooklyn Nets
86%
Miles Bridges Charlotte Hornets
86%
Gordon Hayward Charlotte Hornets
86%
Darius Garland Cleveland Cavaliers
86%
John Wall Houston Rockets
86%
Anthony Davis Los Angeles Lakers
86%
LeBron James Los Angeles Lakers
86%
Zach LaVine Chicago Bulls
84%
Cam Reddish Atlanta Hawks
83%
Jayson Tatum Boston Celtics
83%
Cedi Osman Cleveland Cavaliers
83%
Stephen Curry Golden State Warriors
83%
Kevin Porter Jr. Houston Rockets
83%
Obi Toppin New York Knicks
83%
Darius Bazley Oklahoma City Thunder
83%
Luka Dončić Dallas Mavericks
82%
Desmond Bane Memphis Grizzlies
82%
Chris Paul Phoenix Suns
82%
C.J. McCollum Portland Trail Blazers
82%
Fred VanVleet Toronto Raptors
82%
Clint Capela Atlanta Hawks
80%
De'Andre Hunter Atlanta Hawks
80%
P. J. Washington Charlotte Hornets
80%
Dean Wade Cleveland Cavaliers
80%
Bol Bol Denver Nuggets
80%
Nikola Jokić Denver Nuggets
80%
Goga Bitadze Indiana Pacers
80%
Luke Kennard Los Angeles Clippers
80%
Lonzo Ball New Orleans Pelicans
80%
Taj Gibson New York Knicks
80%
Dejounte Murray San Antonio Spurs
80%
Pascal Siakam Toronto Raptors
80%
Donovan Mitchell Utah Jazz
80%
Deni Avdija Washington Wizards
80%
Deandre Ayton Phoenix Suns
79%
Tacko Fall Boston Celtics
78%
Dwight Powell Dallas Mavericks
78%
Jamal Murray Denver Nuggets
78%
Domantas Sabonis Indiana Pacers
78%
Myles Turner Indiana Pacers
78%
T.J. Warren Indiana Pacers
78%
Patrick Beverley Los Angeles Clippers
78%
Kawhi Leonard Los Angeles Clippers
78%
Anthony Edwards Minnesota Timberwolves
78%
Joel Embiid Philadelphia 76ers
78%
Gary Trent Jr. Toronto Raptors
78%
Kevin Huerter Atlanta Hawks
77%
Patrick Williams Chicago Bulls
77%
Talen Horton-Tucker Los Angeles Lakers
77%
Thanasis Antetokounmpo Milwaukee Bucks
77%
Terry Rozier Charlotte Hornets
75%
Jarrell Allen Cleveland Cavaliers
75%
Larry Nance Jr. Cleveland Cavaliers
75%
Michael Porter Jr. Denver Nuggets
75%
Sekou Doumbouya Detroit Pistons
75%
Duncan Robinson Miami Heat
75%
Pat Connaughton Milwaukee Bucks
75%
Jaden McDaniels Minnesota Timberwolves
75%
Steven Adams New Orleans Pelicans
75%
Frank Ntilikina New York Knicks
75%
Ben Simmons Philadelphia 76ers
75%
Devin Booker Phoenix Suns
75%
Jordan Clarkson Utah Jazz
75%
Tim Hardaway Jr. Dallas Mavericks
73%
James Wiseman Golden State Warriors
73%
Dāvis Bertāns Washington Wizards
73%
Terance Mann Los Angeles Clippers
71%
Grayson Allen Memphis Grizzlies
71%
Donte DiVincenzo Milwaukee Bucks
71%
Julius Randle New York Knicks
71%
Derrick Rose New York Knicks
71%
Aleksej Pokusevski Oklahoma City Thunder
71%
Keldon Johnson San Antonio Spurs
71%
Cole Anthony Orlando Magic
70%
Shake Milton Philadelphia 76ers
70%
Carmelo Anthony Portland Trail Blazers
70%
Kevin Love Cleveland Cavaliers
69%
Cameron Payne Phoenix Suns
69%
Lonnie Walker San Antonio Spurs
69%
Bogdan Bogdanović Atlanta Hawks
67%
Jaylen Brown Boston Celtics
67%
Devonte' Graham Charlotte Hornets
67%
Caleb Martin Charlotte Hornets
67%
Cody Zeller Charlotte Hornets
67%
Kristaps Porziņģis Dallas Mavericks
67%
Will Barton Denver Nuggets
67%
Hamidou Diallo Detroit Pistons
67%
Wayne Ellington Detroit Pistons
67%
Aaron Holiday Indiana Pacers
67%
Doug McDermott Indiana Pacers
67%
Reggie Jackson Los Angeles Clippers
67%
Ivica Zubac Los Angeles Clippers
67%
Devontae Cacok Los Angeles Lakers
67%
Marc Gasol Los Angeles Lakers
67%
Tyus Jones Memphis Grizzlies
67%
Udonis Haslem Miami Heat
67%
Victor Oladipo Miami Heat
67%
Gabe Vincent Miami Heat
67%
Jordan Nwora Milwaukee Bucks
67%
P.J. Tucker Milwaukee Bucks
67%
Ricky Rubio Minnesota Timberwolves
67%
Immanuel Quickley New York Knicks
67%
Mikal Bridges Phoenix Suns
67%
Chris Boucher Toronto Raptors
67%
Yuta Watanabe Toronto Raptors
67%
John Collins Atlanta Hawks
64%
Aaron Nesmith Boston Celtics
64%
Cristiano Felicio Chicago Bulls
64%
Maxi Kleber Dallas Mavericks
64%
Juan Toscano-Anderson Golden State Warriors
64%
Malik Beasley Minnesota Timberwolves
64%
Mitchell Robinson New York Knicks
64%
Matisse Thybulle Philadelphia 76ers
64%
Dario Šarić Phoenix Suns
64%
Marvin Bagley Sacramento Kings
64%
Thaddeus Young Chicago Bulls
63%
Facundo Campazzo Denver Nuggets
63%
Christian Wood Houston Rockets
63%
Nicolas Batum Los Angeles Clippers
63%
Montrezl Harrell Los Angeles Lakers
63%
DeMar DeRozan San Antonio Spurs
63%
Derrick White San Antonio Spurs
63%
Joe Ingles Utah Jazz
63%
Landry Shamet Brooklyn Nets
60%
Kevin Knox New York Knicks
60%
Kelly Oubre Jr. Golden State Warriors
59%
Dewayne Dedmon Miami Heat
58%
Blake Griffin Brooklyn Nets
57%
Caris Levert Indiana Pacers
57%
Kostas Antetokounmpo Los Angeles Lakers
57%
Goran Dragić Miami Heat
57%
Jaylen Nowell Minnesota Timberwolves
57%
Torrey Craig Phoenix Suns
57%
Jalen Smith Phoenix Suns
57%
Royce O'Neale Utah Jazz
57%
Carsen Edwards Boston Celtics
56%
Denzel Valentine Chicago Bulls
56%
Eric Paschall Golden State Warriors
56%
Xavier Tillman Memphis Grizzlies
56%
Jarred Vanderbilt Minnesota Timberwolves
56%
Jae Crowder Phoenix Suns
56%
Tre Jones San Antonio Spurs
56%
Patty Mills San Antonio Spurs
56%
Bojan Bogdanović Utah Jazz
56%
Collin Sexton Cleveland Cavaliers
55%
Killian Hayes Detroit Pistons
55%
Gary Harris Orlando Magic
55%
Furkan Korkmaz Philadelphia 76ers
55%
Daniel Gafford Washington Wizards
54%
Bruno Fernando Atlanta Hawks
50%
Romeo Langford Boston Celtics
50%
Payton Pritchard Boston Celtics
50%
Robert Williams III Boston Celtics
50%
Malik Monk Charlotte Hornets
50%
Matthew Dellavedova Cleveland Cavaliers
50%
Dylan Windler Cleveland Cavaliers
50%
J.J. Redick Dallas Mavericks
50%
Vlatko Čančar Denver Nuggets
50%
Monte Morris Denver Nuggets
50%
Jerami Grant Detroit Pistons
50%
Saben Lee Detroit Pistons
50%
Damion Lee Golden State Warriors
50%
Edmond Sumner Indiana Pacers
50%
Kentavious Caldwell Pope Los Angeles Lakers
50%
Brandon Clarke Memphis Grizzlies
50%
John Konchar Memphis Grizzlies
50%
De'Anthony Melton Memphis Grizzlies
50%
Jonas Valančiūnas Memphis Grizzlies
50%
Tyler Herro Miami Heat
50%
Andre Iguodala Miami Heat
50%
Jordan McLaughlin Minnesota Timberwolves
50%
Terrence Ross Orlando Magic
50%
Tobias Harris Philadelphia 76ers
50%
Norman Powell Portland Trail Blazers
50%
Mike Conley Utah Jazz
50%
Derrick Favors Utah Jazz
50%
Jared Dudley Los Angeles Lakers
47%
Jakob Poeltl San Antonio Spurs
46%
Rodney McGruder Detroit Pistons
45%
Max Strus Miami Heat
45%
Luke Kornet Boston Celtics
44%
Danuel House Jr. Houston Rockets
44%
Nickeil Alexander-Walker New Orleans Pelicans
44%
Enes Kanter Portland Trail Blazers
44%
Robin Lopez Washington Wizards
44%
Onyeka Okongwu Atlanta Hawks
43%
Nick Richards Charlotte Hornets
43%
Josh Green Dallas Mavericks
43%
Amir Coffey Los Angeles Clippers
43%
Kyle Anderson Memphis Grizzlies
43%
Kenrich Williams Oklahoma City Thunder
43%
Robert Covington Portland Trail Blazers
43%
Richaun Holmes Sacramento Kings
43%
Ish Smith Washington Wizards
43%
Michael Carter-Williams Orlando Magic
42%
Danilo Gallinari Atlanta Hawks
40%
Evan Fournier Boston Celtics
40%
Timothé Luwawu-Cabarrot Brooklyn Nets
40%
Isaiah Stewart Detroit Pistons
40%
Kent Bazemore Golden State Warriors
40%
Kenyon Martin Jr. Houston Rockets
40%
Wesley Matthews Los Angeles Lakers
40%
Kendrick Nunn Miami Heat
40%
Willy Hernangómez New Orleans Pelicans
40%
Wendell Carter Jr. Orlando Magic
40%
R.J. Hampton Orlando Magic
40%
Hassan Whiteside Sacramento Kings
40%
Isaac Bonga Washington Wizards
40%
Anthony Gill Washington Wizards
40%
Tristan Thompson Boston Celtics
38%
DeAndre Jordan Brooklyn Nets
38%
Troy Brown Jr. Chicago Bulls
38%
Bryn Forbes Milwaukee Bucks
38%
Josh Hart New Orleans Pelicans
38%
Devin Vassell San Antonio Spurs
38%
Thomas Bryant Washington Wizards
38%
Ryan Arcidiacono Chicago Bulls
36%
Nico Mannion Golden State Warriors
36%
Serge Ibaka Los Angeles Clippers
36%
Nerlens Noel New York Knicks
36%
Bruce Brown Brooklyn Nets
33%
Javonte Green Chicago Bulls
33%
Daniel Theis Chicago Bulls
33%
Trey Burke Dallas Mavericks
33%
Josh Jackson Detroit Pistons
33%
Armoni Brooks Houston Rockets
33%
Jae'Sean Tate Houston Rockets
33%
Justin Holiday Indiana Pacers
33%
Precious Achiuwa Miami Heat
33%
Josh Okogie Minnesota Timberwolves
33%
Al Horford Oklahoma City Thunder
33%
Danny Green Philadelphia 76ers
33%
Jevon Carter Phoenix Suns
33%
Frank Kaminsky Phoenix Suns
33%
Justin James Sacramento Kings
33%
Malachi Flynn Toronto Raptors
33%
Elijah Hughes Utah Jazz
33%
Willie Cauley-Stein Dallas Mavericks
31%
Khem Birch Toronto Raptors
31%
Vernon Carey Jr. Charlotte Hornets
30%
Trevor Ariza Miami Heat
30%
Jeff Teague Milwaukee Bucks
30%
Seth Curry Philadelphia 76ers
30%
Nassir Little Portland Trail Blazers
30%
Paul Millsap Denver Nuggets
29%
Mason Plumlee Detroit Pistons
29%
Sterling Brown Houston Rockets
29%
JaKarr Sampson Indiana Pacers
29%
Mike Muscala Oklahoma City Thunder
29%
Isaiah Roby Oklahoma City Thunder
29%
Mike Scott Philadelphia 76ers
29%
Langston Galloway Phoenix Suns
29%
Abdel Nader Phoenix Suns
29%
Delon Wright Sacramento Kings
29%
Keita Bates-Diop San Antonio Spurs
29%
Quinndary Weatherspoon San Antonio Spurs
29%
Aron Baynes Toronto Raptors
29%
Kira Lewis Jr. New Orleans Pelicans
27%
Reggie Bullock New York Knicks
27%
Jahmi’us Ramsey Sacramento Kings
27%
Solomon Hill Atlanta Hawks
25%
Reggie Perry Brooklyn Nets
25%
Adam Mokoka Chicago Bulls
25%
Josh Richardson Dallas Mavericks
25%
Zeke Nnaji Denver Nuggets
25%
Jeremy Lamb Indiana Pacers
25%
Marcus Morris Los Angeles Clippers
25%
Daniel Oturu Los Angeles Clippers
25%
Andre Drummond Los Angeles Lakers
25%
Jarrett Culver Minnesota Timberwolves
25%
Juancho Hernangómez Minnesota Timberwolves
25%
James Nunnally New Orleans Pelicans
25%
Elfrid Payton New York Knicks
25%
Theo Maledon Oklahoma City Thunder
25%
Dwight Howard Philadelphia 76ers
25%
Derrick Jones Jr. Portland Trail Blazers
25%
Chimezie Metu Sacramento Kings
25%
Juwan Morgan Utah Jazz
25%
Chandler Hutchison Washington Wizards
25%
Moritz Wagner Boston Celtics
22%
Alen Smailagić Golden State Warriors
22%
Kelan Martin Indiana Pacers
22%
Patrick Patterson Los Angeles Clippers
22%
Markieff Morris Los Angeles Lakers
22%
Mamadi Diakite Milwaukee Bucks
22%
Sam Merrill Milwaukee Bucks
22%
Jake Layman Minnesota Timberwolves
22%
Theo Pinson New York Knicks
22%
Zach Collins Portland Trail Blazers
22%
CJ Elleby Portland Trail Blazers
22%
Harry Giles Portland Trail Blazers
22%
Jabari Parker Boston Celtics
20%
Chris Chiozza Brooklyn Nets
20%
Tyler Bey Dallas Mavericks
20%
Nicolo Melli Dallas Mavericks
20%
PJ Dozier Denver Nuggets
20%
JaVale McGee Denver Nuggets
20%
Oshae Brissett Indiana Pacers
20%
Jay Scrubb Los Angeles Clippers
20%
Justise Winslow Memphis Grizzlies
20%
Alec Burks New York Knicks
20%
Robert Franks Orlando Magic
20%
Isaiah Joe Philadelphia 76ers
20%
Paul Reed Philadelphia 76ers
20%
Rudy Gay San Antonio Spurs
20%
Luka Šamanić San Antonio Spurs
20%
Paul Watson Toronto Raptors
20%
Tony Snell Atlanta Hawks
18%
Nate Darling Charlotte Hornets
18%
Jalen McDaniels Charlotte Hornets
18%
Rondae Hollis-Jefferson Portland Trail Blazers
18%
Lou Williams Atlanta Hawks
17%
Jeff Green Brooklyn Nets
17%
Bismack Biyombo Charlotte Hornets
17%
Frank Jackson Detroit Pistons
17%
Jahlil Okafor Detroit Pistons
17%
Mychal Mulder Golden State Warriors
17%
Wenyen Gabriel New Orleans Pelicans
17%
Naji Marshall New Orleans Pelicans
17%
James Ennis III Orlando Magic
17%
Kyle Guy Sacramento Kings
17%
DeAndre' Bembry Toronto Raptors
17%
Jalen Harris Toronto Raptors
17%
Udoka Azubuike Utah Jazz
15%
Semi Ojeleye Boston Celtics
14%
Tomáš Satoranský Chicago Bulls
14%
Lamar Stevens Cleveland Cavaliers
14%
Brodric Thomas Cleveland Cavaliers
14%
Tyrell Terry Dallas Mavericks
14%
Dante Exum Houston Rockets
14%
Tim Frazier Memphis Grizzlies
14%
KZ Okpala Miami Heat
14%
Eric Bledsoe New Orleans Pelicans
14%
Devin Cannady Orlando Magic
14%
Mason Jones Philadelphia 76ers
14%
Rayjon Tucker Philadelphia 76ers
14%
Keljin Blevins Portland Trail Blazers
14%
Drew Eubanks San Antonio Spurs
14%
Garrison Mathews Washington Wizards
14%
David Nwaba Houston Rockets
13%
Jontay Porter Memphis Grizzlies
13%
Jordan Bell Washington Wizards
13%
Skylar Mays Atlanta Hawks
11%
Tyler Johnson Brooklyn Nets
11%
Malcolm Brogdon Indiana Pacers
11%
Cassius Stanley Indiana Pacers
11%
Rondions Kurucs Milwaukee Bucks
11%
Dwyane Bacon Orlando Magic
11%
Trey Lyles San Antonio Spurs
11%
Georges Niang Utah Jazz
11%
Brad Wanamaker Charlotte Hornets
10%
Devon Dotson Chicago Bulls
10%
JaMychal Green Denver Nuggets
10%
Daquan Jeffries Houston Rockets
10%
DeMarcus Cousins Los Angeles Clippers
10%
Ben McLemore Los Angeles Lakers
10%
Ty Jerome Oklahoma City Thunder
10%
Ty-Shon Alexander Phoenix Suns
10%
E'Twaun Moore Phoenix Suns
10%
Jarrell Brantley Utah Jazz
10%
Alex Len Washington Wizards
10%
Nathan Knight Atlanta Hawks
9%
Garrett Temple Chicago Bulls
9%
Killian Tillie Memphis Grizzlies
9%
Kris Dunn Atlanta Hawks
8%
Deividas Sirvydis Detroit Pistons
8%
Avery Bradley Houston Rockets
8%
Donta Hall Orlando Magic
8%
T.J. Leaf Portland Trail Blazers
8%
Terence Davis Sacramento Kings
8%
Gorgui Dieng San Antonio Spurs
8%
Raul Neto Washington Wizards
8%
D.J. Wilson Houston Rockets
7%
Ersan İlyasova Utah Jazz
7%
Brandon Goodwin Atlanta Hawks
0%
Tremont Waters Boston Celtics
0%
Alize Johnson Brooklyn Nets
0%
Grant Riller Charlotte Hornets
0%
Al-Farouq Aminu Chicago Bulls
0%
Damyean Dotson Cleveland Cavaliers
0%
Isaiah Hartenstein Cleveland Cavaliers
0%
Mfiondu Kabengele Cleveland Cavaliers
0%
Taurean Prince Cleveland Cavaliers
0%
Nate Hinton Dallas Mavericks
0%
Shaquille Harrison Denver Nuggets
0%
Markus Howard Denver Nuggets
0%
Tyler Cook Detroit Pistons
0%
Cory Joseph Detroit Pistons
0%
Dennis Smith Jr. Detroit Pistons
0%
D.J. Augustin Houston Rockets
0%
Anthony Lamb Houston Rockets
0%
Kelly Olynyk Houston Rockets
0%
Brian Bowen II Indiana Pacers
0%
Malik Fitts Los Angeles Clippers
0%
Rajon Rondo Los Angeles Clippers
0%
Alfonzo McKinnie Los Angeles Lakers
0%
Sean McDermott Memphis Grizzlies
0%
Nemanja Bjelica Miami Heat
0%
Axel Toupane Milwaukee Bucks
0%
Ed Davis Minnesota Timberwolves
0%
Wesley Iwundu New Orleans Pelicans
0%
James Johnson New Orleans Pelicans
0%
Jared Harper New York Knicks
0%
Norvel Pelle New York Knicks
0%
Tony Bradley Oklahoma City Thunder
0%
Moses Brown Oklahoma City Thunder
0%
Gabriel Deck Oklahoma City Thunder
0%
Josh Hall Oklahoma City Thunder
0%
Jaylen Hoard Oklahoma City Thunder
0%
Sviatoslav Mykhailiuk Oklahoma City Thunder
0%
Justin Robinson Oklahoma City Thunder
0%
Chuma Okeke Orlando Magic
0%
Otto Porter Jr. Orlando Magic
0%
Chasson Randle Orlando Magic
0%
George Hill Philadelphia 76ers
0%
Anthony Tolliver Philadelphia 76ers
0%
Maurice Harkless Sacramento Kings
0%
Chris Silva Sacramento Kings
0%
Robert Woodard Sacramento Kings
0%
Freddie Gillespie Toronto Raptors
0%
Rodney Hood Toronto Raptors
0%
Stanley Johnson Toronto Raptors
0%
Trent Forrest Utah Jazz
0%
Miye Oni Utah Jazz
0%
Matt Thomas Utah Jazz
0%
Cassius Winston Washington Wizards
0%
No matching quizzes found
Score Distribution
Percent of People with Each Score
Percentile by Number Answered
Your Score History
You have not taken this quiz